Особенности и проблемы перевода текстов китайских новостных сообщений; Коммуникативные аспекты языка и культуры; Ч. 1

Dettagli Bibliografici
Parent link:Коммуникативные аспекты языка и культуры: сборник материалов XIV Международной научно-практической конференции студентов и молодых ученых, г. Томск, 21-23 мая 2014 г./ Национальный исследовательский Томский политехнический университет (ТПУ), Институт международного образования и языковой коммуникации (ИМОЯК) ; под ред. С. А. Песоцкой.— , 2014
Ч. 1.— 2014.— [С. 280-283]
Autore principale: Чуприкова Ю. В.
Altri autori: Задорожных Д. П. Дарья Павловна
Riassunto:Заглавие с титульного экрана
Lingua:russo
Pubblicazione: 2014
Serie:Теория и практика межкультурной коммуникации. Теория и практика перевода
Soggetti:
Accesso online:http://earchive.tpu.ru/handle/11683/21528
http://www.lib.tpu.ru/fulltext/c/2014/C77/V1/055.pdf
Natura: Elettronico Capitolo di libro
KOHA link:https://koha.lib.tpu.ru/cgi-bin/koha/opac-detail.pl?biblionumber=609847

MARC

LEADER 00000naa2a2200000 4500
001 609847
005 20260326164823.0
035 |a (RuTPU)RU\TPU\conf\7381 
035 |a RU\TPU\conf\7380 
090 |a 609847 
100 |a 20141210d2014 k y0rusy50 ca 
101 0 |a rus 
102 |a RU 
135 |a drcn ---uucaa 
181 0 |a i  
182 0 |a b 
200 1 |a Особенности и проблемы перевода текстов китайских новостных сообщений  |f Ю. В. Чуприкова, Д. П. Задорожных 
203 |a Текст  |c электронный 
225 1 |a Теория и практика межкультурной коммуникации. Теория и практика перевода 
300 |a Заглавие с титульного экрана 
320 |a [Библиогр.: с. 283 (4 назв.)] 
337 |a Adobe Reader 
461 1 |0 (RuTPU)RU\TPU\conf\7313  |t Коммуникативные аспекты языка и культуры  |o сборник материалов XIV Международной научно-практической конференции студентов и молодых ученых, г. Томск, 21-23 мая 2014 г.  |o в 3 ч.  |f Национальный исследовательский Томский политехнический университет (ТПУ), Институт международного образования и языковой коммуникации (ИМОЯК) ; под ред. С. А. Песоцкой  |d 2014 
463 0 |0 (RuTPU)RU\TPU\conf\7314  |t Ч. 1  |v [С. 280-283]  |d 2014 
610 1 |a труды учёных ТПУ 
610 1 |a электронный ресурс 
610 1 |a переводы 
610 1 |a китайский язык 
610 1 |a тексты 
610 1 |a новостные тексты 
610 1 |a СМИ 
610 1 |a информационные технологии 
700 1 |a Чуприкова  |b Ю. В. 
701 1 |a Задорожных  |b Д. П.  |c лингвист  |c преподаватель Томского политехнического университета  |f 1988-  |g Дарья Павловна  |3 (RuTPU)RU\TPU\pers\32057 
801 2 |a RU  |b 63413507  |c 20210917  |g RCR 
856 4 |u http://earchive.tpu.ru/handle/11683/21528 
856 4 |u http://www.lib.tpu.ru/fulltext/c/2014/C77/V1/055.pdf 
942 |c BK